Алгебра и теория чисел: сборник задач для математических школ

Bibliographic Details
Main Author: Алфутова Н. Б. Надежда Борисовна
Other Authors: Устинов А. В. Алексей Владимирович
Summary:Настоящее пособие представляет собой сборник задач по математике, предназначенный прежде всего для учеников старших классов с углубленным изучением математики, интересующихся точными науками. Он также будет полезен преподавателям математики и студентам, изучающим математику в высших учебных заведениях. Значительная часть материала может быть использована для подготовки к письменным и устным вступительным экзаменам в ВУЗы. Основу сборника составляют задачи к курсу алгебры, который в 1995— 2000 годах читался в школе-интернате им. А. Н. Колмогорова при МГУ им. М. В. Ломоносова.
Language:Russian
Published: Москва, МЦНМО, 2005
Edition:2-е изд., испр. и доп.
Subjects:
Format: MixedMaterials Book
KOHA link:https://koha.lib.tpu.ru/cgi-bin/koha/opac-detail.pl?biblionumber=88074

MARC

LEADER 00000nam0a2200000 4500
001 88074
005 20231031102510.0
010 |a 5940571999 
035 |a (RuTPU)RU\TPU\book\94553 
090 |a 88074 
100 |a 20051220d2005 m y0rusy50 ca 
101 0 |a rus 
102 |a RU 
105 |a y j 001zy 
200 1 |a Алгебра и теория чисел  |e сборник задач для математических школ  |f Н. Б. Алфутова, А. В. Устинов 
205 |a 2-е изд., испр. и доп. 
210 |a Москва  |c МЦНМО  |d 2005 
215 |a 318 с. 
320 |a Библиография: с. 292-301. 
320 |a Предметный указатель: с. 315-319. 
330 |a Настоящее пособие представляет собой сборник задач по математике, предназначенный прежде всего для учеников старших классов с углубленным изучением математики, интересующихся точными науками. Он также будет полезен преподавателям математики и студентам, изучающим математику в высших учебных заведениях. Значительная часть материала может быть использована для подготовки к письменным и устным вступительным экзаменам в ВУЗы. Основу сборника составляют задачи к курсу алгебры, который в 1995— 2000 годах читался в школе-интернате им. А. Н. Колмогорова при МГУ им. М. В. Ломоносова. 
610 1 |a алгебра 
610 1 |a задачи 
610 1 |a математическая индукция 
610 1 |a комбинаторика 
610 1 |a алгоритм Евклида 
610 1 |a арифметика 
610 1 |a остатки 
610 1 |a числа 
610 1 |a дроби 
610 1 |a системы счисления 
610 1 |a многочлены 
610 1 |a комплексные числа 
610 1 |a геометрия 
610 1 |a уравнения 
610 1 |a системы 
610 1 |a неравенства 
610 1 |a последовательности 
610 1 |a ряды 
610 1 |a шутки 
610 1 |a ошибки 
610 1 |a ответы 
610 1 |a решения 
610 1 |a учебные пособия 
675 |a 512(076)  |v 3 
700 1 |a Алфутова  |b Н. Б.  |g Надежда Борисовна 
701 1 |a Устинов  |b А. В.  |g Алексей Владимирович 
801 1 |a RU  |b 63413507  |c 20051220  |g PSBO 
801 2 |a RU  |b 63413507  |c 20220615  |g PSBO 
942 |c BK 
959 |a 114/20051220  |d 2  |e 128  |f НФ:2